000 00481cam a2200157 4500500
005 20260405001725.0
041 _afre
042 _adc
245 0 0 _aL’Étranger. Ou le pari de l’autre
260 _c2014.
500 _a5
690 _aAltérité
690 _aTobie Nathan
786 0 _nPhilosophie magazine | 77 | 3 | 2014-03-01 | p. 69-69 | 1951-1787
856 4 1 _uhttps://shs.cairn.info/magazine-philosophie-magazine-2014-3-page-69?lang=fr&redirect-ssocas=7080
999 _c2050420
_d2050420